000 00336nam a2200121Ia 4500
008 190216s9999||||xx |||||||||||||| ||und||
100 _a"Larry Percy,John R Rossiter & Richart Elliot"
245 0 _aStategic Advertisisng Management
260 _bTata Mcgrawhill Publishers
_c2001
300 _a258p
650 _aCommerce
942 _cBK
999 _c6080
_d6080